000 00752nam a22001817a 4500
999 _c58306
_d58306
005 20211102144315.0
008 211102s2007 enk||||| |||| 00| 0 rus d
020 _a9788779899254
041 _arus
080 _a159.964 Х-12
100 _aХаббард, Рональд Лафайет.
_912701
245 _aСаентология : История человека :
_bПеречень и описание ключевых инцидентов, которые можно обнаружить у человека /
_c Л. Рон Хаббард.
264 _aМ. :
_b"Нью Эра",
_c2007.
300 _a229с. :
_bил. ;
_c24см.
653 _a დიანეტიკა
653 _a საენტოლოგია
942 _2udc
_cBK